LDR 00623naa#a2200181#i#450# 001 EN\\bibl\100878 005 20260501092253.5 011 ## _a2071-7318 100 ## _a20260409b2026####ek#y0engy0150####ca 102 ## _aRU 200 1# _aPRODUCTION OF TEES FROM PIPE BLANKS USING MULTIPASS STAMPING METHOD _eJournal article 210 1# _aBelgorod _cBelgorod State Technological University named after V.G. Shukhov _d2026 215 ## _a10 с. 608 ## _aJournal article _2local 675 ## _aПластическая деформация при вытяжке. 539.374.5 _z 700 #1 _aGavrilov _gR. V. 700 #1 _aDuyun _gT. A. 856 4# _azh-szf.ru _u